000 00575nam a2200181Ia 4500
003 IN-BaIIA
008 211028s9999 xx 000 0 eng d
020 _a3-9805176-9-1
040 _cIIA Library
080 _a52(048.1)
_bREV-9
100 _aSchielicke, R E
_923234
245 0 _aReviews in modern astronomy
_bpositions, motions and cosmic evolution; 9
_cR. E. Schielicke
260 _aHamburg
_bAstronomische Gesellschaft
_c1996
300 _a339p.
650 _aCosmic evolution
_923235
650 _aCosmology
942 _cBK
999 _c13198
_d13198